Cyber laws / (Record no. 137600)

MARC details
000 -LEADER
fixed length control field 00615nam a22002057a 4500
005 - DATE AND TIME OF LATEST TRANSACTION
control field 20170215110228.0
010 ## - LCCN (DPL NO)
LC control number ENG-117254
020 ## - INTERNATIONAL STANDARD BOOK NUMBER
Terms of availability 595.00
International Standard Book Number 9789351437338
035 ## - SYSTEM CONTROL NUMBER
System control number EN-100786
037 ## - SOURCE OF ACQUISITION
Source of stock number/acquisition DBAD/PUB
082 ## - DEWEY DECIMAL CLASSIFICATION NUMBER
Classification number 343.5409944
100 ## - MAIN ENTRY--PERSONAL NAME
Personal name Yatindra Singh
245 ## - TITLE STATEMENT
Title Cyber laws /
Statement of responsibility, etc by Yatindra Singh
250 ## - EDITION STATEMENT
Edition statement 6th ed
260 ## - PUBLICATION, DISTRIBUTION, ETC. (IMPRINT)
Place of publication, distribution, etc Gurgaon
Name of publisher, distributor, etc Lexis Nexis
Date of publication, distribution, etc 2016
270 ## - ADDRESS
Address 14th Floor Building N0-10,Tower-B,DLF Cyber City Phase-II
City Gurgaon (Haryana)
Postal code 122002
300 ## - PHYSICAL DESCRIPTION
Extent xIii,468p. :
Dimensions 24cm(pbk)
Other physical details ill
500 ## - GENERAL NOTE
General note Includes index
942 ## - ADDED ENTRY ELEMENTS (KOHA)
Source of classification or shelving scheme Dewey Decimal Classification
Item type English Books
Classification part 343.5409944
Call number suffix YAT
Holdings
Withdrawn status Lost status Not for loan Collection code Home library Current library Date acquired Source of acquisition Cost, normal purchase price Full call number Barcode Copy number Cost, replacement price Koha item type
    Not For Loan Non-fiction D.B.Act.Division Bawana 15/02/2017 DBAD/PUB 595.00 343.5409944 YAT EN-100786 1 595.00 English Books

© Delhi Public Library
Hit Counter
free hit counter